Guts & Blackpowder - Playable Nations (Sudden Death) - Statistics

General Stats
  • This quiz has been taken 40 times
    18 since last reset
  • The average score is 5 of 11
Answers on the Grid
Answers color-coded by a green-red scale on the quiz's grid according to % correct below.
United Kingdom
Spain
Germany
Portugal
Prussia
Norway
Duchy Of Warsaw
Ukraine
Bavaria
Denmark
Andorra
Belgium
Sweden
Italy
Luxembourg
Finland
Austria
U.S.A
Russia
Belarus
Romania
Netherlands
Switzerland
Latvia
Poland
Ottoman Empire
France
Hungary
 
Answer Stats
Answer % Correct
United Kingdom
88%
Austria
63%
Bavaria
63%
Prussia
63%
Sweden
63%
U.S.A
50%
Denmark
38%
Duchy Of Warsaw
25%
France
25%
Portugal
25%
Russia
25%
No matching quizzes found
Score Distribution
Percent of People with Each Score
Percentile by Number Answered
Your Score History
You have not taken this quiz since the last reset